|
|
|
|
| LEADER |
00000cam a2200000 7i4500 |
| 001 |
0000004185 |
| 005 |
20190108.0 |
| 020 |
0 |
0 |
|a 9789833109982
|
| 090 |
0 |
0 |
|a 351.595
|b ALI 2017
|
| 245 |
1 |
0 |
|a Merakyatkan perkhidmatan awam
|c Ali Hamsa
|
| 260 |
0 |
0 |
|a Kuala Lumpur :
|b INTANc2017
|
| 300 |
|
|
|a iv, 229 p. :
|b ill. ;
|c olc26cm.
|
| 650 |
0 |
0 |
|a Civil service
|z Malaysia
|
| 650 |
0 |
0 |
|a Malaysia---Politics and goverment
|
| 650 |
0 |
0 |
|a Public administration
|z Malaysia
|
| 998 |
|
|
|a JPSM
|
| 999 |
|
|
|a 008075
|b Monograph
|c Open Shelf
|e Default branch
|
| 999 |
|
|
|a 008076
|b Monograph
|c Open Shelf
|e Default branch
|